|
|
|
|
| LEADER |
00000nam a22000007a 4500 |
| 005 |
20170407231230.0 |
| 007 |
cr|||| |||| |
| 008 |
170407s2016 co |||||s|||| 00||0 spa d |
| 020 |
|
|
|a 978-958-771-361-9
|
| 035 |
|
|
|a 20250
|
| 040 |
|
|
|a vLex
|
| 090 |
|
|
|c 6637
|d 6637
|
| 100 |
1 |
|
|a Fierro Martn̕ez, ℓngel Mara̕
|
| 245 |
1 |
0 |
|a Contabilidad de pasivos
|h [Recurso electrn̤ico] :
|b Con estǹdares internacionales para pymes /
|c ℓngel Mara̕ Fierro Martn̕ez, Fernando Adolfo Fierro Celis, Francy Milena Fierro Celis
|
| 256 |
|
|
|a Servicio en ln̕ea
|
| 260 |
|
|
|a Bogot:̀
|b ECOE,
|c 2016
|
| 300 |
|
|
|a 1 recurso electrn̤ico
|
| 506 |
1 |
|
|a Disponible solo en los productos indicados
|d vLex Global
|d vLex Global (Academic Edition, excluding Law Schools)
|d vLex Global (U.S. Academic Edition, Law Schools)
|d vLex Global (U.S. Academic Edition, excluding Law Schools)
|d vLex Global (Academic Edition, Law Schools)
|
| 650 |
0 |
4 |
|a Contabilidad
|z Colombia
|
| 650 |
0 |
4 |
|a Derecho Fiscal
|z Colombia
|
| 700 |
1 |
|
|a Fierro Celis, Fernando Adolfo
|
| 700 |
1 |
|
|a Fierro Celis, Francy Milena
|
| 740 |
0 |
|
|a vLex Libros (Servicio en ln̕ea)
|
| 856 |
4 |
0 |
|u http://vlex.com/source/contabilidad-pasivos-20250
|z Acceso restringido
|
| 942 |
|
|
|c BOOK
|
| 999 |
0 |
|
|a Accounting
|
| 999 |
0 |
|
|a Tax Law
|